000 01664 a2200205 4500
001 30180
005 20260407155613.0
008 260407a1970 arg spa d
003 AR-UNSa-BCEJYS
040 _aAR-UNSa-BCEJYS
_bspa
_cAR-UNSa-BCEJYS
080 _a657.47
_xContabilidad de Costos
245 1 0 _aContabilidad de costos
264 1 _aBuenos Aires :
_bERGON
_c1970
300 _a621 p.
_c34 cm.
505 _a1. Los costos y la economía - 2. Contabilidad de costos - 3. Clasificación de los costos - 4. Los elementos del costo. Derivaciones conceptuales - 5. Costos industriales o de clasificación - 6. Las cuentas en la contabilidad de costos - 7. Aplicación de la materia prima o materiales como elemento del costo industrial - 8. Aplicación de la mano de obra como elemento del costo industrial - 9. Aplicación de los gastos generales de aplicación como elemento del costo industrial - 10. La departamentalización en la aplicación de los gastos generales de fabricación - 11. Contabilidad de costos por ordenees específicas - 12. Contabilidad de costos por procesos - 13. Aplicación de costos en la producción conjunta - 14. Costos comerciales o de distribución - 15. Contabilidad de costos presupuestados o estimados - 16. Constabilidad de costo "standard" - 17. El control presupuestario y la contabilidad de costos - 18. Preparación de estados - 19. Informes sobre costos - 20. Aspectos especiales del costo - 21. Costos diferenciales - 22. Implantación de métodos de costos - 23. Costos agricolaganaderos
942 _cBK
590 _aniveau_biblio:m niveau_hierar:0
100 1 _aAmui, Eduardo H.
700 1 _aCatalano, Sergio
999 _c2045
_d2045